1960s, 70s, or 80s? - Statistics

General Stats
  • This quiz has been taken 252 times
  • The average score is 12 of 16
Answer Stats
Question Answer % Correct
The Beatles played on the Ed Sullivan Show. 1960s
95%
JFK was assasinated. 1960s
95%
The Iranian Revolution toppled the Shah and put in a theocratic Islamist government. 1970s
95%
The Berlin Wall is built. 1960s
90%
The first Apollo moon landing occurred. 1960s
90%
Star War "A New Hope" premiered in movie theaters. 1970s
90%
Space Shuttle Challenger disaster. 1980s
85%
Start of Richard Nixon's Presidency. 1960s
80%
Mikhail Gorbachev becomes General Secretary of the Soviet Union. 1980s
80%
Khmer Rouge took control of Cambodia. 1970s
75%
Chernobyl nuclear meltdown occurs. 1980s
75%
The Cultural Revolution in China ended. 1970s
70%
Last time the Yankees baseball team won the world series before the 90s. 1970s
55%
The Rubik's Cube is invented. 1970s
50%
Pac Man video game first released. 1980s
50%
Alfred Hitchcock passes away. 1980s
40%
No matching quizzes found
Score Distribution
Percent of People with Each Score
Percentile by Number Answered
Your Score History
You have not taken this quiz